[Event "Titled Tue 10th Jun Early"]
[Site "chess.com INT"]
[Date "2025.06.10"]
[Round "10"]
[White "Sethuraman, Roshan"]
[Black "Lopez, Henry"]
[Result "1-0"]
[WhiteElo "2074"]
[BlackElo "2050"]
[WhiteFideId "30965250"]
[BlackFideId "5203830"]
[EventDate "2025.06.10"]

1. e4 c5 2. Nf3 d6 3. d4 cxd4 4. Nxd4 Nf6 5. Nc3 a6 6. Be3 e5 7. Nb3 Be6 8. f3
h5 9. Nd5 Bxd5 10. exd5 Nbd7 11. Qd2 Qc7 12. Na5 g6 13. Be2 Bg7 14. c4 O-O 15.
O-O b6 16. Nc6 a5 17. Rac1 Nb8 18. Nxb8 Raxb8 19. b4 axb4 20. Qxb4 Nd7 21. Rfd1
Nc5 22. Rb1 Rfc8 23. Qb5 Bf6 24. a4 Qd8 25. Bf2 Bh4 26. g3 Bg5 27. Kg2 h4 28.
Qb4 Kg7 29. Qa3 Ra8 30. Bxc5 Rxc5 31. Qb3 hxg3 32. hxg3 Rca5 33. Qxb6 Qf6 34.
Rb4 Rxa4 35. Rxa4 Rxa4 36. Qb3 Ra5 37. Rh1 Qf5 38. Qb8 1-0

[Event "Titled Tue 10th Jun Early"]
[Site "chess.com INT"]
[Date "2025.06.10"]
[Round "10"]
[White "Banerjee, Supratit"]
[Black "Dwilewicz, Katarzyna"]
[Result "1-0"]
[WhiteTitle "FM"]
[BlackTitle "WFM"]
[WhiteElo "2311"]
[BlackElo "2198"]
[WhiteFideId "2410079"]
[BlackFideId "1148486"]
[EventDate "2025.06.10"]

1. e4 c5 2. c3 d5 3. exd5 Qxd5 4. d4 Nf6 5. Nf3 e6 6. Be2 Nc6 7. O-O Be7 8. Re1
O-O 9. h3 Rd8 10. Be3 cxd4 11. cxd4 Qa5 12. Nc3 Bd7 13. a3 Rac8 14. Bd3 Qh5 15.
Be2 Qa5 16. Rc1 Bd6 17. Ng5 Bb8 18. Bd3 Qc7 19. g3 a6 20. Nce4 Nxe4 21. Bxe4 h6
22. Bh7+ Kh8 23. Qh5 Be8 24. Qh4 Qe7 25. Bb1 Qf6 26. Qe4 g6 27. Qh4 Qg7 28. Nxe6
fxe6 29. Bxh6 Qh7 30. Qf6+ Kg8 31. Qf8# 1-0

[Event "Titled Tue 10th Jun Early"]
[Site "chess.com INT"]
[Date "2025.06.10"]
[Round "10"]
[White "Ejsymont, Blanka"]
[Black "Goldbeck, Lars"]
[Result "1-0"]
[WhiteTitle "WCM"]
[BlackTitle "FM"]
[WhiteElo "1984"]
[BlackElo "2391"]
[WhiteFideId "21088268"]
[BlackFideId "16208188"]
[EventDate "2025.06.10"]

1. e4 c6 2. d4 d5 3. e5 Bf5 4. h4 Qc7 5. g4 Bd7 6. f4 c5 7. c3 cxd4 8. cxd4 Bxg4
9. Be2 Bxe2 10. Nxe2 e6 11. Nbc3 Nc6 12. Be3 a6 13. f5 Nge7 14. fxe6 fxe6 15.
Nf4 Qd7 16. Qg4 Nf5 17. Bf2 g6 18. h5 gxh5 19. Qxh5+ Kd8 20. Ncxd5 exd5 21. e6
Bb4+ 22. Kf1 Qe7 23. Qxf5 Rf8 24. Qg4 Qd6 25. Nd3 Nxd4 26. Qxd4 Ba5 27. Rxh7 Bb6
28. e7+ Qxe7 29. Qxb6+ 1-0

[Event "Titled Tue 10th Jun Early"]
[Site "chess.com INT"]
[Date "2025.06.10"]
[Round "10"]
[White "Kravtsiv, Martyn"]
[Black "Erigaisi, Arjun"]
[Result "0-1"]
[WhiteTitle "GM"]
[BlackTitle "GM"]
[WhiteElo "2598"]
[BlackElo "2782"]
[WhiteFideId "14113147"]
[BlackFideId "35009192"]
[EventDate "2025.06.10"]

1. e4 b6 2. d4 Bb7 3. Bd3 e6 4. Nf3 Nf6 5. Qe2 d5 6. e5 Ne4 7. Nbd2 Nxd2 8. Bxd2
c5 9. c3 Be7 10. h4 h6 11. Rh3 Qc8 12. Rg3 Bf8 13. c4 Nd7 14. Rc1 a6 15. cxd5
Bxd5 16. b4 Qb7 17. bxc5 bxc5 18. Kf1 g5 19. hxg5 hxg5 20. Kg1 cxd4 21. Nxg5 Nc5
22. Nxf7 Nxd3 23. Nxh8 Nxc1 24. Qh5+ Kd7 25. Bxc1 Qb1 26. Kh2 Qxc1 27. Qf7+ Kc6
28. Ng6 Qh6+ 29. Rh3 Qg7 30. Ne7+ Kc5 0-1

[Event "Titled Tue 10th Jun Early"]
[Site "chess.com INT"]
[Date "2025.06.10"]
[Round "10"]
[White "Nugumanov, Bakhtiyar"]
[Black "Salimova, Asal"]
[Result "1-0"]
[WhiteTitle "IM"]
[BlackTitle "WCM"]
[WhiteElo "2305"]
[BlackElo "2063"]
[WhiteFideId "13701797"]
[BlackFideId "14204940"]
[EventDate "2025.06.10"]

1. e4 c5 2. Nf3 d6 3. d4 cxd4 4. Nxd4 Nf6 5. Nc3 a6 6. h3 e5 7. Nf3 h5 8. Rg1
Be6 9. Ng5 Qc8 10. Nxe6 Qxe6 11. Bg5 Nbd7 12. g4 hxg4 13. hxg4 Be7 14. Qf3 Rc8
15. Bxf6 Nxf6 16. g5 Nd7 17. O-O-O b5 18. Nd5 Nc5 19. Kb1 Rh4 20. Re1 Nxe4 21.
Rxe4 Qxd5 22. Bd3 Rxe4 23. Bxe4 Qd4 24. Rh1 g6 25. Rh8+ Bf8 26. Bxg6 Rc7 27.
Qa8+ Kd7 28. Bf5+ Ke7 29. Qxf8# 1-0

[Event "Titled Tue 10th Jun Early"]
[Site "chess.com INT"]
[Date "2025.06.10"]
[Round "10"]
[White "Carrasco Miranda, Andres"]
[Black "Reshetnikov, Alexey"]
[Result "0-1"]
[WhiteTitle "CM"]
[BlackTitle "IM"]
[WhiteElo "2211"]
[BlackElo "2492"]
[WhiteFideId "3405990"]
[BlackFideId "4162080"]
[EventDate "2025.06.10"]

1. Nf3 Nf6 2. c4 e6 3. g3 b6 4. Bg2 Bb7 5. O-O c5 6. Nc3 Be7 7. d4 cxd4 8. Qxd4
O-O 9. Rd1 d6 10. b3 a6 11. Ba3 Ne8 12. e4 Qc7 13. Qe3 Nd7 14. Rac1 Nef6 15. h3
Rfe8 16. Nh2 Rac8 17. Ng4 Nc5 18. Nxf6+ Bxf6 19. g4 h6 20. f4 Be7 21. Ne2 e5 22.
Rc2 exf4 23. Qxf4 Rcd8 24. Ng3 Bg5 25. Qf2 Nxe4 26. Nxe4 Bxe4 27. Bxe4 Rxe4 28.
Re2 Rde8 29. Rxe4 Rxe4 30. Re1 Qe7 31. Rxe4 Qxe4 0-1

[Event "Titled Tue 10th Jun Early"]
[Site "chess.com INT"]
[Date "2025.06.10"]
[Round "10"]
[White "Deng, Henry"]
[Black "Turzo, Attila"]
[Result "1/2-1/2"]
[WhiteTitle "FM"]
[BlackTitle "IM"]
[WhiteElo "2327"]
[BlackElo "2245"]
[WhiteFideId "30965454"]
[BlackFideId "704954"]
[EventDate "2025.06.10"]

1. Nf3 c5 2. b3 g6 3. Bb2 Nf6 4. e3 Bg7 5. c4 O-O 6. Be2 b6 7. O-O Bb7 8. d4
cxd4 9. exd4 d5 10. Nbd2 Nbd7 11. Rc1 Rc8 12. Re1 Qc7 13. Ba3 Rfe8 14. cxd5 Qb8
15. d6 exd6 16. Nc4 Ne4 17. Bd3 Bf8 18. Ne3 Ndf6 19. h3 Rxc1 20. Qxc1 h6 21. Qa1
a6 22. Bb2 b5 23. Ng4 Nxg4 24. hxg4 Nf6 25. g5 hxg5 26. Nxg5 Bh6 27. Nh3 Ne4 28.
f3 Ng3 29. Kh2 Nf5 30. Bxf5 gxf5 31. d5 Bxd5 32. Rxe8+ Qxe8 33. Qd1 Qe6 34. Qd4
Qe5+ 35. Qxe5 dxe5 36. Bxe5 a5 37. Nf4 Bxf4+ 38. Bxf4 a4 39. bxa4 bxa4 40. a3
Kg7 1/2-1/2

[Event "Titled Tue 10th Jun Early"]
[Site "chess.com INT"]
[Date "2025.06.10"]
[Round "10"]
[White "Dziththauly Ramadhan"]
[Black "Cornelisse, Lorelei"]
[Result "1-0"]
[WhiteTitle "CM"]
[BlackTitle "WFM"]
[WhiteElo "2171"]
[BlackElo "2138"]
[WhiteFideId "7105525"]
[BlackFideId "1087177"]
[EventDate "2025.06.10"]

1. d4 f5 2. Bg5 h6 3. Bh4 g5 4. e3 Bg7 5. Bg3 c5 6. Bd3 cxd4 7. Bxf5 Qa5+ 8. Nd2
Qxf5 9. e4 Qb5 10. Ne2 Nc6 11. O-O Nf6 12. f4 O-O 13. fxg5 Qxg5 14. Rf5 Qe3+ 15.
Bf2 d5 16. Bxe3 dxe3 17. Nf1 Bxf5 18. exf5 Ng4 19. Qxd5+ Kh8 20. h3 Rad8 21. Qb5
Nd4 22. Nxd4 Bxd4 23. hxg4 e2+ 24. Kh2 exf1=Q 25. Rxf1 b6 26. Re1 Bc5 27. Re6
Kg7 28. Qe2 Rf7 29. Rg6+ Kh7 30. Qe6 Rf6 31. Rxf6 exf6 32. Qf7+ Kh8 33. Qxf6+ 1-0

[Event "Titled Tue 10th Jun Early"]
[Site "chess.com INT"]
[Date "2025.06.10"]
[Round "10"]
[White "Risteski, Emil"]
[Black "Napoli, Nicolo"]
[Result "1-0"]
[WhiteTitle "IM"]
[BlackTitle "FM"]
[WhiteElo "2374"]
[BlackElo "2264"]
[WhiteFideId "15005267"]
[BlackFideId "813702"]
[EventDate "2025.06.10"]

1. g3 g6 2. Bg2 Bg7 3. e4 c6 4. c4 Nf6 5. Nc3 O-O 6. Nge2 d6 7. d4 a6 8. O-O b5
9. cxb5 axb5 10. b4 Bg4 11. f3 Be6 12. Be3 Bc4 13. Rf2 Nfd7 14. a4 c5 15. bxc5
dxc5 16. Nxb5 Nc6 17. Nec3 Bxb5 18. Nxb5 cxd4 19. Nxd4 Nxd4 20. Bxd4 Ne5 21. Rd2
Qa5 22. f4 Nc4 23. Bxg7 Kxg7 24. Rd5 Qb6+ 25. Qd4+ e5 26. Qxb6 Nxb6 27. a5 Nxd5
28. exd5 exf4 29. gxf4 Ra6 30. Bf1 Ra7 31. a6 Rd8 32. Bc4 Rd6 33. Kf2 h6 34. Ke3
g5 35. fxg5 hxg5 36. Kd4 Kf6 37. Kc5 Ke7 38. Re1+ Kd7 39. Bb5+ Kc7 40. Re7+ 1-0

[Event "Titled Tue 10th Jun Early"]
[Site "chess.com INT"]
[Date "2025.06.10"]
[Round "10"]
[White "Piesik, Piotr"]
[Black "Ser, Daniel"]
[Result "0-1"]
[WhiteTitle "IM"]
[BlackTitle "CM"]
[WhiteElo "2436"]
[BlackElo "2005"]
[WhiteFideId "1136194"]
[BlackFideId "12829404"]
[EventDate "2025.06.10"]

1. Nf3 d6 2. d4 Nf6 3. g3 Nbd7 4. Bg2 e5 5. dxe5 dxe5 6. O-O c6 7. Nbd2 Qc7 8.
e4 Be7 9. a4 O-O 10. b3 h6 11. Bb2 Re8 12. Qe2 Bf8 13. Nc4 b5 14. axb5 cxb5 15.
Ne3 a6 16. Rfd1 Bb7 17. Nd5 Nxd5 18. exd5 Nb6 19. Bxe5 Bd6 20. Bxd6 Qxd6 21. Qd2
Rac8 22. Nd4 Nxd5 23. Nf5 Qf6 24. Bxd5 Rcd8 25. Ne3 Rxe3 26. Qxe3 Rxd5 27. Qf4
Qc6 28. Rxd5 Qxd5 29. f3 Qc5+ 30. Kh1 Qxc2 31. Qb8+ Bc8 32. Re1 Kh7 33. Kg1 Bh3 0-1

[Event "Titled Tue 10th Jun Early"]
[Site "chess.com INT"]
[Date "2025.06.10"]
[Round "10"]
[White "Coro, Lucas"]
[Black "Shimanov, Aleksandr"]
[Result "0-1"]
[WhiteTitle "IM"]
[BlackTitle "GM"]
[WhiteElo "2438"]
[BlackElo "2578"]
[WhiteFideId "147222"]
[BlackFideId "4198603"]
[EventDate "2025.06.10"]

1. c4 e6 2. g3 d5 3. Bg2 Nf6 4. Nf3 Nc6 5. O-O Bd6 6. d4 O-O 7. Bg5 h6 8. Bxf6
Qxf6 9. Nc3 dxc4 10. e3 e5 11. Ne4 Qe7 12. d5 Na5 13. Qa4 b6 14. Nfd2 Bd7 15.
Qc2 f5 16. Nc3 e4 17. b3 cxb3 18. axb3 Be8 19. Rfc1 Bf7 20. Qd1 Rfd8 21. Nc4
Nxc4 22. bxc4 Be5 23. Ra6 c6 24. Qb3 cxd5 25. Nxd5 Qb7 26. Ra2 b5 27. Rd2 Rac8
28. Bf1 Bxd5 29. Rxd5 Rxd5 30. c5 Kh7 0-1

[Event "Titled Tue 10th Jun Early"]
[Site "chess.com INT"]
[Date "2025.06.10"]
[Round "10"]
[White "Cherukuri, Nitesh"]
[Black "Kjaergaard-Jensen, Jesper"]
[Result "1-0"]
[WhiteTitle "CM"]
[BlackTitle "CM"]
[WhiteElo "2171"]
[BlackElo "2081"]
[WhiteFideId "30978688"]
[BlackFideId "1406990"]
[EventDate "2025.06.10"]

1. b3 Nf6 2. Bb2 a5 3. a3 b6 4. g3 Bb7 5. Nf3 g5 6. Bg2 g4 7. Nh4 Bxg2 8. Nxg2
d6 9. O-O e5 10. d4 Nbd7 11. Ne3 e4 12. d5 Rg8 13. Nd2 Bh6 14. c4 Bxe3 15. fxe3
Qe7 16. Qc2 h5 17. Rf5 h4 18. Raf1 Rg6 19. gxh4 g3 20. hxg3 Rxg3+ 21. Kh2 Rg6
22. R1f4 Ng4+ 23. Kh3 O-O-O 24. Rxg4 Rxg4 25. Kxg4 Rg8+ 26. Kh3 f6 27. Qxe4 Qg7
28. Rg5 Qf7 29. Rxg8+ Qxg8 30. Qg4 Qe8 31. Ne4 Kb7 32. Qe6 Qh5 33. Qxd7 Qxe2 34.
Nxd6+ Ka6 35. Qc8+ 1-0

[Event "Titled Tue 10th Jun Early"]
[Site "chess.com INT"]
[Date "2025.06.10"]
[Round "10"]
[White "Naroditsky, Daniel"]
[Black "Mendes Aaron Reeve"]
[Result "1-0"]
[WhiteTitle "GM"]
[BlackTitle "IM"]
[WhiteElo "2619"]
[BlackElo "2335"]
[WhiteFideId "2026961"]
[BlackFideId "25954938"]
[EventDate "2025.06.10"]

1. d4 d5 2. c4 c6 3. Nc3 Nf6 4. Nf3 dxc4 5. g3 Nbd7 6. Bg2 Nb6 7. O-O Bf5 8. Ne5
e6 9. e4 Bg6 10. f4 c5 11. d5 exd5 12. f5 Bh5 13. g4 Bd6 14. Bf4 Bxe5 15. Bxe5
Nxg4 16. Bxg7 Rg8 17. f6 d4 18. Rf5 Bg6 19. Qxg4 Bxf5 20. exf5 Qxf6 21. Re1+ Kd7
22. Bxf6 Rxg4 23. Re7+ Kc8 24. Nb5 Nd5 25. Nd6+ Kd8 26. Nxf7+ Kc8 27. Nd6+ Kd8
28. Nxb7+ Kc8 29. Nd6+ Kd8 30. Nf7+ Kc8 31. Re8+ Kb7 32. Nd6+ Kc7 33. Rxa8 Ne3
34. Nb5+ Kb6 35. Rb8+ Ka6 36. Nc7+ Ka5 37. b3 Rxg2+ 38. Kh1 a6 39. Bd8 Rg8 40.
Ne8# 1-0

[Event "Titled Tue 10th Jun Early"]
[Site "chess.com INT"]
[Date "2025.06.10"]
[Round "10"]
[White "Harshavardhan, G B"]
[Black "Sanal, Vahap"]
[Result "0-1"]
[WhiteTitle "IM"]
[BlackTitle "GM"]
[WhiteElo "2472"]
[BlackElo "2564"]
[WhiteFideId "25059009"]
[BlackFideId "6300545"]
[EventDate "2025.06.10"]

1. d4 d5 2. c4 c6 3. cxd5 cxd5 4. Nc3 Nc6 5. e4 e6 6. e5 Nge7 7. Nf3 Qb6 8. Bd3
Bd7 9. Bb1 Rd8 10. O-O h6 11. a3 Bc8 12. b4 Nf5 13. Be3 Be7 14. Qd3 a5 15. b5
Na7 16. a4 Bd7 17. Bc2 Rc8 18. Ne2 g5 19. h3 Kf8 20. Ng3 Nxg3 21. fxg3 Qc7 22.
Rac1 Qc3 23. Qe2 Ba3 24. Nxg5 hxg5 25. Qf3 Be8 0-1

[Event "Titled Tue 10th Jun Early"]
[Site "chess.com INT"]
[Date "2025.06.10"]
[Round "10"]
[White "Manukyan, Sargis A."]
[Black "Reprintsev, Alexander"]
[Result "1-0"]
[WhiteTitle "FM"]
[BlackTitle "IM"]
[WhiteElo "2294"]
[BlackElo "2256"]
[WhiteFideId "13303970"]
[BlackFideId "14100541"]
[EventDate "2025.06.10"]

1. d4 d5 2. c4 e5 3. dxe5 d4 4. Nf3 Nc6 5. a3 g6 6. b4 Bg7 7. Bb2 Nh6 8. Nxd4
Nxe5 9. e3 O-O 10. Nd2 Qe7 11. N2f3 Rd8 12. Nxe5 Bxe5 13. Qc1 c5 14. Nf3 Bxb2
15. Qxb2 cxb4 16. axb4 Bg4 17. Be2 Qc7 18. O-O Bxf3 19. Bxf3 Qxc4 20. Bxb7 Rab8
21. Rxa7 Qc7 22. Qf6 Ng4 23. Qf4 Qxf4 24. exf4 Rd4 25. Ra8 Rxa8 26. Bxa8 Rxb4
27. g3 h5 28. h4 Ra4 29. Bf3 Nf6 30. Rb1 Kg7 31. Rb7 Rc4 32. Kg2 Rc5 33. Re7 Rc3
34. Re5 Rc7 35. f5 Ra7 36. fxg6 fxg6 37. Rg5 Kh6 38. Rb5 Rg7 39. Rb6 Rf7 40. Bd1
Kg7 41. Bc2 Re7 42. Bb1 Rc7 43. f3 Re7 44. Kh3 Re3 45. Kg2 Re2+ 46. Kf1 Rh2 47.
Bd3 Rd2 48. Rb7+ Kh6 49. Bb1 Rd1+ 50. Ke2 Rh1 51. Kf2 Rh2+ 52. Ke3 Rh1 53. Kf4
Rc1 54. Ke5 Rc6 55. Be4 Ra6 56. Bd3 Rc6 57. Bb5 1-0

[Event "Titled Tue 10th Jun Early"]
[Site "chess.com INT"]
[Date "2025.06.10"]
[Round "10"]
[White "Lazavik, Denis"]
[Black "Salinas Herrera, Pablo"]
[Result "1-0"]
[WhiteTitle "GM"]
[BlackTitle "GM"]
[WhiteElo "2580"]
[BlackElo "2447"]
[WhiteFideId "13515110"]
[BlackFideId "3407128"]
[EventDate "2025.06.10"]

1. e4 e5 2. Nf3 Nc6 3. Bc4 Bc5 4. c3 Nf6 5. d3 O-O 6. O-O d6 7. Re1 Bb6 8. h3
Ne7 9. a4 c6 10. Nbd2 Ng6 11. Bb3 Re8 12. d4 Be6 13. Bc2 a5 14. Nf1 Qc7 15. Ng3
h6 16. Be3 Rad8 17. Qc1 Kh7 18. b3 Ng8 19. c4 f6 20. Qd2 N8e7 21. Rad1 Bf7 22.
Qc3 Nc8 23. Nf5 Nge7 24. c5 dxc5 25. dxe5 Rxd1 26. Rxd1 Nxf5 27. exf5 fxe5 28.
f6+ g6 29. Bxh6 Kxh6 30. Qe3+ Kh7 31. Ng5+ Kg8 32. Qg3 e4 33. Qh4 Bd5 34. Rxd5
cxd5 35. Qh6 Nd6 36. Qxg6+ Kh8 37. f7 1-0

[Event "Titled Tue 10th Jun Early"]
[Site "chess.com INT"]
[Date "2025.06.10"]
[Round "10"]
[White "Zhauynbay Aldiyar"]
[Black "Bukreev, Stanislav"]
[Result "0-1"]
[WhiteTitle "FM"]
[BlackTitle "FM"]
[WhiteElo "2233"]
[BlackElo "2305"]
[WhiteFideId "13780646"]
[BlackFideId "34252347"]
[EventDate "2025.06.10"]

1. d4 Nf6 2. Nf3 d5 3. Bg5 e6 4. Nbd2 Nbd7 5. e3 h6 6. Bh4 b6 7. Bd3 Bb7 8. O-O
Bd6 9. Qe2 O-O 10. c4 c5 11. cxd5 exd5 12. dxc5 bxc5 13. Bf5 Qb6 14. b3 Rfe8 15.
Rfd1 d4 16. Nc4 Qa6 17. Bd3 dxe3 18. Nxd6 exf2+ 19. Qxf2 Qxd6 20. Bh7+ Kxh7 21.
Rxd6 Ne4 22. Qc2 Nb6 23. Nd2 f5 24. Nxe4 Rxe4 25. Bf2 Rae8 26. Qxc5 R8e5 27. Qc7
Re7 28. Qc3 Rg4 29. g3 f4 30. Re1 Rf7 31. Qd3+ g6 32. Rde6 fxg3 33. hxg3 Nd5 34.
R1e4 Rg5 35. R6e5 Nb4 36. Qd2 Bxe4 37. Rxg5 hxg5 38. Qxb4 Bf3 39. Qc4 Rd7 40.
Be3 g4 0-1

[Event "Titled Tue 10th Jun Early"]
[Site "chess.com INT"]
[Date "2025.06.10"]
[Round "10"]
[White "Tang, Andrew"]
[Black "Xiong, Jeffery"]
[Result "0-1"]
[WhiteTitle "GM"]
[BlackTitle "GM"]
[WhiteElo "2529"]
[BlackElo "2639"]
[WhiteFideId "2059630"]
[BlackFideId "2047640"]
[EventDate "2025.06.10"]

1. d4 Nf6 2. Nf3 e6 3. Bf4 c5 4. e3 Nc6 5. Nbd2 h6 6. h4 d5 7. c3 Bd6 8. Ne5 Qc7
9. Ndf3 c4 10. h5 b5 11. a3 a5 12. g3 Bb7 13. Bg2 O-O 14. g4 Ne4 15. Nxc6 Bxc6
16. Bxd6 Qxd6 17. Ne5 Bb7 18. f3 f6 19. fxe4 fxe5 20. Rh3 dxe4 21. Qe2 Bd5 22.
Rd1 b4 23. axb4 axb4 24. Qc2 Ra2 25. Qb1 Qa6 26. g5 bxc3 27. Bxe4 Rxb2 28. Bh7+
Kh8 29. Qg6 Qa2 0-1

[Event "Titled Tue 10th Jun Early"]
[Site "chess.com INT"]
[Date "2025.06.10"]
[Round "10"]
[White "Omariev, Maksim"]
[Black "Khazhatuly, Alikhan"]
[Result "1-0"]
[WhiteTitle "FM"]
[BlackTitle "CM"]
[WhiteElo "2304"]
[BlackElo "2173"]
[WhiteFideId "4193423"]
[BlackFideId "13731335"]
[EventDate "2025.06.10"]

1. g4 d5 2. Bg2 c6 3. h3 e5 4. d4 Bd6 5. dxe5 Bxe5 6. Nf3 Bc7 7. Qd4 Nf6 8. g5
Nh5 9. Nc3 Bf5 10. Qh4 Bg6 11. Be3 Nd7 12. O-O-O Qe7 13. Nd4 Ne5 14. Bxd5 Rd8
15. Bb3 Nd7 16. Kb1 Nc5 17. Bc1 O-O 18. f4 Nxb3 19. axb3 f5 20. gxf6 Nxf6 21. f5 1-0

[Event "Titled Tue 10th Jun Early"]
[Site "chess.com INT"]
[Date "2025.06.10"]
[Round "10"]
[White "Haddouche, Mohamed"]
[Black "Materia, Marco"]
[Result "0-1"]
[WhiteTitle "GM"]
[BlackTitle "IM"]
[WhiteElo "2490"]
[BlackElo "2489"]
[WhiteFideId "7900660"]
[BlackFideId "45150451"]
[EventDate "2025.06.10"]

1. e4 c6 2. d4 d5 3. e5 Bf5 4. Nf3 e6 5. Be2 Nd7 6. O-O h6 7. Nbd2 g5 8. Nb3 Bg7
9. Ne1 Qc7 10. Nd3 O-O-O 11. f4 f6 12. Ndc5 Nxc5 13. Nxc5 Bf8 14. g4 Bxc5 15.
gxf5 Bb6 16. fxe6 fxe5 17. fxe5 Qxe5 18. c3 Nf6 19. Bg4 Nxg4 20. Qxg4 Rde8 21.
e7+ Kb8 22. Rf7 Rxe7 23. Rxe7 Qxe7 24. Bd2 Rf8 25. Re1 Qf6 26. Qg2 a5 27. Rf1
Qxf1+ 28. Qxf1 Rxf1+ 29. Kxf1 Bd8 30. Kg2 h5 31. h3 Kc8 32. Kf3 Kd7 33. b3 b5
34. Be1 a4 35. Ke2 Ke6 36. Kd3 Kf5 37. c4 bxc4+ 38. bxc4 g4 39. hxg4+ Kxg4 0-1

[Event "Titled Tue 10th Jun Early"]
[Site "chess.com INT"]
[Date "2025.06.10"]
[Round "10"]
[White "Rasch, Holger"]
[Black "Koridze, Lile"]
[Result "0-1"]
[WhiteTitle "FM"]
[BlackTitle "WFM"]
[WhiteElo "2246"]
[BlackElo "2110"]
[WhiteFideId "4615670"]
[BlackFideId "13612514"]
[EventDate "2025.06.10"]

1. e4 c5 2. c3 d6 3. d4 cxd4 4. cxd4 a6 5. Nc3 Nf6 6. f3 g6 7. Be3 Bg7 8. Bd3
O-O 9. Nge2 Nc6 10. O-O b5 11. Rc1 Bb7 12. Bb1 Rc8 13. b3 Qb6 14. Bf2 Qa5 15.
Kh1 Rfd8 16. d5 Ne5 17. Bd4 Rc7 18. h3 Rdc8 19. f4 Ned7 20. Qd3 Nc5 21. Qf3 b4
22. e5 bxc3 23. Bxc3 Qb6 24. exf6 Bxf6 25. Bxf6 exf6 26. f5 g5 27. h4 h6 28. Qh5
Kg7 29. hxg5 hxg5 0-1

[Event "Titled Tue 10th Jun Early"]
[Site "chess.com INT"]
[Date "2025.06.10"]
[Round "10"]
[White "Wagh, Suyog"]
[Black "Gbiorczyk, Mikolaj"]
[Result "1-0"]
[WhiteTitle "FM"]
[BlackTitle "CM"]
[WhiteElo "2319"]
[BlackElo "2191"]
[WhiteFideId "25071688"]
[BlackFideId "21080763"]
[EventDate "2025.06.10"]

1. d4 f5 2. Bg5 g6 3. h4 h6 4. Bf4 Bg7 5. e3 d6 6. Nf3 Nf6 7. Bc4 e6 8. Nc3 Qe7
9. Qd2 Nc6 10. O-O-O Bd7 11. d5 Na5 12. dxe6 Nxc4 13. exd7+ Qxd7 14. Qd3 Nb6 15.
Kb1 O-O-O 16. e4 Ng4 17. Be3 Bxc3 18. bxc3 Nxe3 19. fxe3 fxe4 20. Qxe4 Rde8 21.
Qxg6 Rxe3 22. Rhe1 Nc4 23. Nd4 Rxc3 24. Qe6 Qxe6 25. Rxe6 Rg3 26. Re2 Kd7 27.
Nf5 Rg4 28. c3 Kc6 29. Rd4 Rxd4 30. cxd4 Kd5 31. Kc2 Rf8 32. g4 h5 33. Kd3 b5
34. Ne7# 1-0

[Event "Titled Tue 10th Jun Early"]
[Site "chess.com INT"]
[Date "2025.06.10"]
[Round "10"]
[White "Birkisson, Bjorn Holm"]
[Black "Hou, Yifan"]
[Result "0-1"]
[WhiteTitle "CM"]
[BlackTitle "GM"]
[WhiteElo "2128"]
[BlackElo "2633"]
[WhiteFideId "2310600"]
[BlackFideId "8602980"]
[EventDate "2025.06.10"]

1. e4 c5 2. Nf3 d6 3. Bb5+ Nd7 4. a4 a6 5. Be2 Ngf6 6. Nc3 b6 7. O-O g6 8. d4
cxd4 9. Nxd4 Bb7 10. f3 Bg7 11. Be3 O-O 12. Kh1 Qc7 13. Bd3 Ne5 14. f4 Nc4 15.
Bc1 e5 16. Nde2 d5 17. exd5 Nxd5 18. Nxd5 Bxd5 19. Nc3 Bb7 20. Qe2 Rac8 21. fxe5
Bxe5 22. Bxc4 Qxc4 23. Qf2 Bd4 24. Be3 Bxe3 25. Qxe3 Qc6 26. Qf3 Qxf3 27. gxf3
Rfd8 28. Kg2 Rd2+ 29. Rf2 Rcd8 30. Re1 Kg7 31. Re7 Bc6 32. Ree2 Rxe2 33. Rxe2
Kf6 34. Kg3 Rd4 35. b3 h5 36. Ne4+ Bxe4 37. Rxe4 Rxe4 38. fxe4 Ke5 39. Kf3 g5
40. c3 g4+ 41. Ke3 h4 42. c4 h3 43. b4 g3 44. hxg3 h2 0-1

[Event "Titled Tue 10th Jun Early"]
[Site "chess.com INT"]
[Date "2025.06.10"]
[Round "10"]
[White "Kotyk, Michael"]
[Black "Kislinsky, Alexey"]
[Result "0-1"]
[WhiteTitle "CM"]
[BlackTitle "GM"]
[WhiteElo "2241"]
[BlackElo "2341"]
[WhiteFideId "16214501"]
[BlackFideId "14108801"]
[EventDate "2025.06.10"]

1. d4 Nf6 2. c4 e6 3. Nc3 Bb4 4. e3 O-O 5. Bd3 d5 6. cxd5 exd5 7. Ne2 Re8 8. a3
Bd6 9. O-O c6 10. Ng3 Bg4 11. f3 Bc8 12. Bd2 Nbd7 13. Nf5 Bc7 14. e4 dxe4 15.
fxe4 Nf8 16. d5 cxd5 17. exd5 Ng6 18. Nxg7 Kxg7 19. Bg5 Bxh2+ 20. Kxh2 Qd6+ 21.
Kh1 Ng4 22. g3 Qxg3 23. Qd2 Ne3 24. Bxg6 Qxg5 25. Bxf7 Qh4+ 26. Kg1 Bh3 27. Bxe8
Qg3+ 28. Kh1 Bg2+ 29. Kg1 Bxf1+ 30. Kh1 Bg2+ 31. Kg1 Bf3+ 32. Qg2 Qxg2# 0-1

[Event "Titled Tue 10th Jun Early"]
[Site "chess.com INT"]
[Date "2025.06.10"]
[Round "10"]
[White "Gelman, Alexander"]
[Black "Todorovic, Bojan"]
[Result "1-0"]
[WhiteTitle "IM"]
[BlackTitle "FM"]
[WhiteElo "2403"]
[BlackElo "2111"]
[WhiteFideId "4118316"]
[BlackFideId "917087"]
[EventDate "2025.06.10"]

1. d4 g6 2. Nc3 Bg7 3. e4 d6 4. f4 a6 5. Nf3 Nd7 6. Bc4 e6 7. a4 Ne7 8. O-O O-O
9. Be3 d5 10. Ba2 Nb6 11. e5 Nc4 12. Bc1 Bd7 13. b3 Na5 14. Ne2 b5 15. Bd2 Nb7
16. a5 c5 17. c3 Nc6 18. b4 cxb4 19. cxb4 Qe7 20. Rb1 Rac8 21. g4 f5 22. h3 Nbd8
23. Ng3 Kh8 24. Kh2 Nf7 25. Qe2 Ncd8 26. Rbc1 Nc6 27. Rc5 fxg4 28. hxg4 Nh6 29.
Kh3 Nxb4 30. Bxb4 1-0